000 01609nam a22004097a 4500
003 CHAP
005 20220329143248.0
008 071105s2007 mx r 00010 spa d
010 _a94125
011 _a95097
035 _a105701
040 _cCHAP
090 _aTesis
100 1 _aZárate Jiménez, Frigma Manuel.
_9124113
245 1 0 _aIncidencia de la escama blanca del mango (Aulacaspis tubercularis Newstead, 1906) en la región de San Blas, Nayarit, México
_c/por Frigma Manuel Zárate Jiménez
260 _aChapingo, Méx. :
_bEl autor,
_c2007
300 _a73 h. :
_bilus. ; gráfs. ; cuadros ; mapas
502 _aTesis (Ing. Agr. Esp. en Parasitología Agrícola) -- UACH. Departamento de Parasitología Agrícola
530 _aTambién disponible en línea
590 _aALEPH
_b10
_c20130110
_lUCH01
_h1520
590 _aBATCH-UPD
_b10
_c20130110
_lUCH01
_h1810
590 _aBATCH-UPD
_b10
_c20130410
_lUCH01
_h1145
590 _aBATCH-UPD
_b10
_c20130914
_lUCH01
_h1201
590 _aBATCH-UPD
_b10
_c20140324
_lUCH01
_h1504
590 _aBATCH-UPD
_b10
_c20141002
_lUCH01
_h0835
590 _aCONVERSION
_b10
_c20130109
_lUCH01
_h1352
650 1 4 _aArboles frutales
_xPlagas.
_96683
650 1 4 _aDiaspididae.
_932427
650 1 4 _aInsectos.
_958888
650 1 4 _aMango
_xPlagas.
_970443
856 _3Finding aid
_uhttp://10.13.5.2/tesis/105701.pdf
_zTeclea aqui
901 _aBK
905 _aElisama A. H.
942 _cFOLL
949 _aTesis
_bBC
_cTES
_d33724002034579
_eTS1
_gDonaciØn
_h47096
_i105701
_sb
949 _aTesis
_bBC
_cTES
_d33724002034611
_eTS2
_fc.2
_gDonaciØn
_h47097
_i105701
_sb
999 _c94125
_d94125